书目信息 |
| 题名: |
有机分子结构波谱解析
|
|
| 作者: | 朱淮武 编 | |
| 分册: | ||
| 出版信息: | 北京 化学工业出版社 2005 |
|
| 页数: | 312页 | |
| 开本: | 26cm | |
| 丛书名: | ||
| 单 册: | ||
| 中图分类: | O656.4 | |
| 科图分类: | ||
| 主题词: | 有机化合物--分子结构--波谱分析 , 有机化合物 , 分子结构 , 波谱分析 | |
| 电子资源: | ||
| ISBN: | 7-5025-7562-6 | |
| 000 | 00884nam0 2200265 450 | |
| 001 | 012007814850 | |
| 005 | 20070517143231.20 | |
| 010 | @a7-5025-7562-6@dCNY39.00 | |
| 100 | @a20070428d2005 km y0chiy0120 ea | |
| 101 | 0 | @achi |
| 102 | @aCN@b110000 | |
| 105 | @aa z 000yy | |
| 106 | @ar | |
| 200 | 1 | @a有机分子结构波谱解析@Ayou ji fen zi jie gou bo pu jie xi@f朱淮武编@Fzhu huai wu bian |
| 210 | @a北京@c化学工业出版社@d2005 | |
| 215 | @a312页@c图@d26cm | |
| 330 | @a本书以有机化合物的结构鉴定为目的,介绍了紫外光谱、红外光谱、核磁共振波谱和质谱的谱图解析方法,最后还介绍了如何利用四种波谱数据所提供的结构信息对分子结构进行综合解析。 | |
| 606 | 0 | @a有机化合物@x分子结构@x波谱分析 |
| 606 | 0 | @a有机化合物 |
| 606 | 0 | @a分子结构 |
| 606 | 0 | @a波谱分析 |
| 690 | @aO656.4@v4 | |
| 701 | 0 | @a朱淮武@Azhu huai wu@4编 |
| 801 | 0 | @aCN@bRULIN@c20070517 |
| 905 | @dO656.4@e12@s8 | |
| 有机分子结构波谱解析/朱淮武编.-北京:化学工业出版社,2005 |
| 312页:图;26cm |
| ISBN 7-5025-7562-6:CNY39.00 |
| 本书以有机化合物的结构鉴定为目的,介绍了紫外光谱、红外光谱、核磁共振波谱和质谱的谱图解析方法,最后还介绍了如何利用四种波谱数据所提供的结构信息对分子结构进行综合解析。 |
| ● |
| 相关链接 |
|
|
|
|
正题名:有机分子结构波谱解析
索取号:O656.4/12
 
预约/预借
| 序号 | 登录号 | 条形码 | 馆藏地/架位号 | 状态 | 备注 |
| 1 | 0575299 | 205752997 | 第二样本阅览室/ [索取号:O656.4/12] | 在馆 | |
| 2 | 0575300 | 205753004 | 第三借阅区/ [索取号:O656.4/12] | 在馆 | |
| 3 | 0575301 | 205753013 | 第三借阅区/ [索取号:O656.4/12] | 在馆 | |
| 4 | 0575302 | 205753022 | 第三借阅区/ [索取号:O656.4/12] | 在馆 | |
| 5 | 0575303 | 205753031 | 第三借阅区/ [索取号:O656.4/12] | 在馆 | |
| 6 | 0575304 | 205753040 | 第三借阅区/ [索取号:O656.4/12] | 在馆 | |
| 7 | 0575305 | 205753059 | 第三借阅区/ [索取号:O656.4/12] | 在馆 | |
| 8 | 0575306 | 205753068 | 第三借阅区/ [索取号:O656.4/12] | 在馆 |